Statistics for The Americas Geography by Letter - M

Click here to take the quiz!

General Stats

  • This quiz has been taken 678 times
    (659 since last reset)
  • The average score is 10 of 20

Answer Stats

HintAnswer% Correct
Chicago, Illinois is on Lake _____Michigan
91%
The most populous Spanish-speaking country in the worldMexico
90%
The capital and largest city of UruguayMontevideo
89%
Canadien Province that is home to Churchill and WinnipegManitoba
79%
The longest river in North AmericaMissouri River
78%
The Capital of NicaraguaManagua
76%
The largest French speaking city outside of FranceMontreal
74%
A pre-Columbian civilization in the Americas that centered around the Yucatán PeninsulaMaya
71%
The U.S. state founded to give religious freedom to the CatholicsMaryland
70%
Vermont's state capitalMontpelier
57%
Most densely populated island in the United StatesManhattan
47%
Large Brazillian city in the middle of the Amazon RainforestManaus
44%
An affluent summer, island colony south of Cape CodMartha's Vineyard
43%
Major tourism city in JamaicaMontego Bay
33%
Overseas Departments of France and outermost region of the European UnionMartinique
27%
A large inlet of the Gulf of Mexico, lying within the state of AlabamaMobile Bay
27%
Lake Michigan and Lake Huron meet at the Straights of _____Mackinac
11%
Old growth Coast Redwood forest and National Monument outside of San Francisco, CaliforniaMuir Woods
6%
Native American Tribe native to the Florida EvergladesMiccosukee
2%
A relativly poor but mountanus department of NicaraguaMatagalpa
1%

Score Distribution

Percentile by Number Answered

Percent of People with Each Score

Your Score History

You have not taken this quiz since the last reset